Hamilton Lyrics Sort #39 - Blow Us All Away - Statistics

General Stats
  • This quiz has been taken 6 times
  • The average score is 45 of 78
Answer Stats
Hint Answer % Correct
Line 2 I prob'ly shouldn't brag, but, dag, I amaze and astonish
100%
Line 1 Meet the latest graduate of King's College
100%
Line 4 The ladies say my brain's not where the resemblance stops
80%
Line 3 The scholars say I got the same virtuosity and brains as my pops
80%
Line 46 Across the river in Jersey
60%
Line 48 Alright, so this is what you're gonna do
60%
Line 18 And y'all look pretty good in ya frocks
60%
Line 9 Blow us all away [1]
60%
Line 21 Blow us all away [2]
60%
Line 52 But what if he decides to shoot? Then I'm a goner
60%
Line 60 Come back home when you're done
60%
Line 71 Confer with your men
60%
Line 73 Count to ten!
60%
Line 43 Did you friends attempy to negotiate a peace?
60%
Line 47 Everything is legal in New Jersey
60%
Line 78 Five, six, seven-
60%
Line 22 George! [1]
60%
Line 24 George! [2]
60%
Line 17 God, you're a fox
60%
Line 6 Gotta be my own man, like my father, but bolder
60%
Line 12 He disparaged my father's legacy in front of a crowd
60%
Line 44 He refused to apologize, we had to let the peace talks cease
60%
Line 15 He was goin' to see a play
60%
Line 19 How 'bout when I get back, we all strip down to our socks?
60%
Line 63 I am a poet
60%
Line 41 I came to ask you for advice, this is my very first duel
60%
Line 13 I can't have that, I'm making my father proud
60%
Line 28 I didn't say anything that wasn't true
60%
Line 68 I'd rather skip the pleasantries
60%
Line 36 I know where to find you, piss off
60%
Line 64 I'm a little nervous, but I can't show it
60%
Line 5 I'm only 19 but my mind is older
60%
Line 65 I'm sory, I'm a Hamilton with pride
60%
Line 37 I'm watchin' this show now
60%
Line 14 I saw him just up Broadway a couple of blocks
60%
Line 7 I shoulder his legacy with pride, I used to hear him say
60%
Line 31 It's like that?
60%
Line 10 Ladies, I'm looking for a Mr. George Eacker
60%
Line 74 Let 'em in the eye, aim no higher
60%
Line 11 Made a speech last night, our Fourth of July speaker
60%
Line 67 Mister Eacker! How was the rest or your show?
60%
Line 62 My name is Philip
60%
Line 53 No! He'll follow suit if he's truly a man of honor
60%
Line 20 Okay!
60%
Line 77 One, two, three, four
60%
Line 30 Ooh!
60%
Line 38 Pops, if you had only heard the shit he said about you
60%
Line 34 See you on the dueling ground
60%
Line 25 Shh! I'm tryin' to watch the show!
60%
Line 40 Slow down
60%
Line 49 Stand there like a man until Eacker is in front of you
60%
Line 75 Summon all the courage you require
60%
Line 61 Take my guns, be smart, make me proud, son
60%
Line 27 Talked about my father though
60%
Line 35 That is, unless you wanna step outside and go now
60%
Line 8 That someday, I would-
60%
Line 72 The duel will commence after we count to ten
60%
Line 76 Then slowly and clearly, aim your gun towards the sky
60%
Line 42 They don't exactly cover this subject in boarding school
60%
Line 51 This will put an end to the whole affair
60%
Line 16 Well, I'll go visit his box
60%
Line 50 When the time comes, fire your weapon in the air
60%
Line 45 Where is this happening?
60%
Line 26 Ya shoulda watched your mouth before you
60%
Line 29 Your father's a scoundrel, and so, it seems, are you
60%
Line 66 You talk about my father, I cannot let it slide
60%
Line 70 Grab your pistol
40%
Line 39 I doubt you would have let it slide, and I was not about to
40%
Line 33 I'm not your little schoolboy friends
40%
Line 69 Let's go
40%
Line 59 Okay, I promise
40%
Line 55 Philip, your mother can't take another heartbreak
40%
Line 57 Promise me, you don't want this
40%
Line 23 Shh
40%
Line 54 To take someone's life, that is something you can't shake
40%
Line 32 Yeah, I don't fool around
40%
Line 58 Young man's blood on your conscience
40%
Line 56 Father
20%
No matching quizzes found
Score Distribution
Percent of People with Each Score
Percentile by Number Answered
Your Score History
You have not taken this quiz